Mid Devon DC v Avery (Record no. 40810)

MARC details
000 -LEADER
fixed length control field 01782cab a2200277 4500
001 - CONTROL NUMBER
control field ABS48204
008 - FIXED-LENGTH DATA ELEMENTS--GENERAL INFORMATION
fixed length control field 090401t1993 xxu||||| |||| 00| 0 eng d
035 ## - SYSTEM CONTROL NUMBER
System control number (Sirsi) u65445
041 ## - LANGUAGE CODE
Language code of text/sound track or separate title eng
245 ## - TITLE STATEMENT
Title Mid Devon DC v Avery
260 ## - PUBLICATION, DISTRIBUTION, ETC.
Date of publication, distribution, etc. 1993
350 ## - PRICE (NR) (BK AM CF MU VM SE) [OBSOLETE]
Price 0
490 ## - SERIES STATEMENT
Series statement Property and Compensation Reports
Volume/sequential designation (1993) 65 PCR 47-49(2)
520 ## - SUMMARY, ETC.
Summary, etc. QBD 2 March 1992. The respondent, X, proposed to carry out improvements to a building listed as of special architectural and historic interest under Town and Country Planning Act 1971 s54. When the local authority found that he planned to replace windows at the back with modern windows which, in their opinion detracted from the appearance and architectural interest of the building, they informed him he needed planning consent. This was refused as was an appeal to the SoS. The authority issued a listed building enforcement notice under s97 and s98 of the Act requiring X to replace the modern windows. X instructed a building firm to do the work, however the period allowed for compliance with the notice expired without the windows being replaced. The authority issued a summons alleging that X had failed to take the steps required by the notice. Magistrates found that X had taken all reasonable steps to comply with the notice and had therefore discharged his statutory duty. The council a
650 ## - SUBJECT ADDED ENTRY--TOPICAL TERM
Topical term or geographic name entry element ENFORCMENT NOTICE
650 ## - SUBJECT ADDED ENTRY--TOPICAL TERM
Topical term or geographic name entry element LISTED BUILDING ENFORCEMENT NOTICE
650 ## - SUBJECT ADDED ENTRY--TOPICAL TERM
Topical term or geographic name entry element LISTED BUILDING
650 ## - SUBJECT ADDED ENTRY--TOPICAL TERM
Topical term or geographic name entry element PLANNING CONSENT
650 ## - SUBJECT ADDED ENTRY--TOPICAL TERM
Topical term or geographic name entry element SPECIAL ARCHITECTURAL AND HISTORIC INTEREST
650 ## - SUBJECT ADDED ENTRY--TOPICAL TERM
Topical term or geographic name entry element TOWN AND COUNTRY PLANNING ACT 1971 S54
650 ## - SUBJECT ADDED ENTRY--TOPICAL TERM
Topical term or geographic name entry element TOWN AND COUNTRY PLANNING ACT 1971 S98
650 ## - SUBJECT ADDED ENTRY--TOPICAL TERM
Topical term or geographic name entry element WINDOW REPLACMENT
690 ## - LOCAL SUBJECT ADDED ENTRY--TOPICAL TERM (OCLC, RLIN)
Topical term or geographic name as entry element CONSERVATION-CASE LAW
942 ## - ADDED ENTRY ELEMENTS (KOHA)
Suppress in OPAC 0
948 ## - LOCAL PROCESSING INFORMATION (OCLC); SERIES PART DESIGNATOR (RLIN)
c (OCLC) 04/03/1997
Holdings
Withdrawn status Lost status Source of classification or shelving scheme Damaged status Not for loan Home library Current library Shelving location Date acquired Total Checkouts Full call number Barcode Date last seen Copy number Price effective from Koha item type
    Dewey Decimal Classification     London London Journal article 14/09/1999   ABS48204 65445-1001 06/08/2019 1 06/08/2019 Law report